LEADER 06419 am 22008653u 450 001 9910337578203321 005 20230125231749.0 010 $a3-030-10752-3 024 7 $a10.1007/978-3-030-10752-9 035 $a(CKB)4100000007522484 035 $a(DE-He213)978-3-030-10752-9 035 $a(MiAaPQ)EBC5926159 035 $a(Au-PeEL)EBL5926159 035 $a(OCoLC)1132417404 035 $a(oapen)https://directory.doabooks.org/handle/20.500.12854/32451 035 $a(PPN)233799486 035 $a(EXLCZ)994100000007522484 100 $a20190118d2019 u| 0 101 0 $aeng 135 $aurnn|008mamaa 181 $ctxt$2rdacontent 182 $cc$2rdamedia 183 $acr$2rdacarrier 200 10$aEnhanced Living Environments$b[electronic resource] $eAlgorithms, Architectures, Platforms, and Systems /$fedited by Ivan Ganchev, Nuno M. Garcia, Ciprian Dobre, Constandinos X. Mavromoustakis, Rossitza Goleva 205 $a1st ed. 2019. 210 $cSpringer Nature$d2019 210 1$aCham :$cSpringer International Publishing :$cImprint: Springer,$d2019. 215 $a1 online resource (XX, 323 p. 111 illus., 96 illus. in color.) 225 1 $aInformation Systems and Applications, incl. Internet/Web, and HCI ;$v11369 311 $a3-030-10751-5 327 $aAutomation in systematic, scoping and rapid reviews by an NLP toolkit: a case study in Enhanced Living Environments -- RDF stores for enhanced living environments: an overview -- Combining Machine Learning and Metaheuristics Algorithms for Multicriteria Classification Method PROAFTN -- Development and Evaluation of Methodology for Personal Recommendations Applicable in Connected Health -- "Touchscreen Assessment Tool" (TATOO), an assessment tool based on the expanded conceptual model of frailty -- Towards a deeper understanding of the behavioural implications of bidirectional activity-based ambient displays in ambient assisted living environments -- Towards Truly Affective AAL Systems -- Maintaining Mental Well-being of Elderly at Home -- System Development for Monitoring Physiological Parameters in Living Environment -- Healthcare Sensing and Monitoring -- Semantic Middleware Architectures for IoT Healthcare Application -- The Role of Drones in Ambient Assisted Living Systems for the Elderly. 330 $aThis open access book is the final publication of the COST Action IC1303 ?Algorithms, Architectures and Platforms for Enhanced Living Environments (AAPELE)? project. Ambient Assisted Living (AAL) is an area of research based on Information and Communication Technologies (ICT), medical research, and sociological research. AAL is based on the notion that technology and science can provide improvements in the quality of life for people in their homes, and that it can reduce the financial burden on the budgets of the healthcare providers. The concept of Enhanced Living Environments (ELE) refers to the AAL area that is more related with ICT. Effective ELE solutions require appropriate ICT algorithms, architectures, platforms, and systems, having in view the advance of science in this area and the development of new and innovative solutions. The aim of this book is to become a state-of-the-art reference, discussing progress made, as well as prompting future directions on theories, practices, standards, and strategies related to the ELE area. It was prepared as a Final Publication of the COST Action IC1303 ?Algorithms, Architectures and Platforms for Enhanced Living Environments (AAPELE)?. The book contains 12 chapters and can serve as a valuable reference for undergraduate students, post-graduate students, educators, faculty members, researchers, engineers, medical doctors, healthcare organizations, insurance companies, and research strategists working in this field. 410 0$aInformation Systems and Applications, incl. Internet/Web, and HCI ;$v11369 606 $aComputer organization 606 $aUser interfaces (Computer systems) 606 $aApplication software 606 $aArtificial intelligence 606 $aOptical data processing 606 $aComputer Systems Organization and Communication Networks$3https://scigraph.springernature.com/ontologies/product-market-codes/I13006 606 $aUser Interfaces and Human Computer Interaction$3https://scigraph.springernature.com/ontologies/product-market-codes/I18067 606 $aInformation Systems Applications (incl. Internet)$3https://scigraph.springernature.com/ontologies/product-market-codes/I18040 606 $aArtificial Intelligence$3https://scigraph.springernature.com/ontologies/product-market-codes/I21000 606 $aImage Processing and Computer Vision$3https://scigraph.springernature.com/ontologies/product-market-codes/I22021 606 $aComputer Appl. in Social and Behavioral Sciences$3https://scigraph.springernature.com/ontologies/product-market-codes/I23028 610 $aComputer science 610 $aComputer organization 610 $aUser interfaces (Computer systems) 610 $aApplication software 610 $aArtificial intelligence 610 $aOptical data processing 615 0$aComputer organization. 615 0$aUser interfaces (Computer systems). 615 0$aApplication software. 615 0$aArtificial intelligence. 615 0$aOptical data processing. 615 14$aComputer Systems Organization and Communication Networks. 615 24$aUser Interfaces and Human Computer Interaction. 615 24$aInformation Systems Applications (incl. Internet). 615 24$aArtificial Intelligence. 615 24$aImage Processing and Computer Vision. 615 24$aComputer Appl. in Social and Behavioral Sciences. 676 $a004.6 700 $aGanchev$b Ivan$4edt$01354884 702 $aGanchev$b Ivan$4edt$4http://id.loc.gov/vocabulary/relators/edt 702 $aGarcia$b Nuno M$4edt$4http://id.loc.gov/vocabulary/relators/edt 702 $aDobre$b Ciprian$4edt$4http://id.loc.gov/vocabulary/relators/edt 702 $aMavromoustakis$b Constandinos X$4edt$4http://id.loc.gov/vocabulary/relators/edt 702 $aGoleva$b Rossitza$4edt$4http://id.loc.gov/vocabulary/relators/edt 801 0$bMiAaPQ 801 1$bMiAaPQ 801 2$bMiAaPQ 906 $aBOOK 912 $a9910337578203321 996 $aEnhanced Living Environments$93358585 997 $aUNINA LEADER 06417 am 22007333u 450 001 996210012403316 005 20230621135400.0 035 $a(CKB)2670000000334350 035 $a(SSID)ssj0000986175 035 $a(PQKBManifestationID)11586431 035 $a(PQKBTitleCode)TC0000986175 035 $a(PQKBWorkID)10934182 035 $a(PQKB)10819733 035 $a(WaSeSS)Ind00074903 035 $a(oapen)https://directory.doabooks.org/handle/20.500.12854/32908 035 $a(EXLCZ)992670000000334350 100 $a20160829h20072007 fy 0 101 0 $ager 135 $aurm|#---||||| 181 $ctxt$2rdacontent 182 $cc$2rdamedia 183 $acr$2rdacarrier 200 14$aDas Wiener Klavier bis 1850 $eBericht des symposiums "Das Wiener Klavier bis 1850", veranstaltet von der Sammlung alter Musikinstrumente des Kunsthistorischen Museums Wien vom 16. bis 18.10.2003 /$fherausgegeben von Beatrix Darmsta?dter, Alfons Huber, Rudolf Hopfner 210 $aTutzing$cMusikantiquariat und Verlag Hans Schneider$d2008 210 31$aTutzing, Germany :$cVerlegt Bei Hans Schneider,$d2007 210 4$d©2007 215 $a1 online resource (276 pages) $cillustrations (some colour), music; digital, PDF file(s) 300 $aBibliographic Level Mode of Issuance: Monograph 300 $aInternational conference proceedings. 311 08$aPrint version: 379521243X 330 $aThe presented book, the amplified proceedings of the symposium "Das Wiener Klavier 1850", held at Neue Burg (Vienna) in 2003 combines as regards content recent organological and biographical research, answers questions concerning the original-instrument performance of the romantic period and focuses on technological features in the making of the Viennese pianoforte. In the 2nd half of the 18th century Vienna became the European centre of production of pianofortes whereas the typical Viennese pianoforte-sound, evolved from special technological and constructional parameters, acted as a stimulant on composers and interprets. Many instrument makers - some of them originally German - working and living in Vienna contributed to this uplifting evolution with their innovative work for the Austrian Court or simply as civic craftsmen. A quite impressive amount of material about their biographies and contracts was investigated and is an integral part of the publication. With the beginning of the 19th century firms in Paris and London were of utmost importance for the pianoforte industry. Broadwood and Erard for instance in an international terrain and started an early mass-production of instruments based on the English action. Beside these instruments the Viennese pianoforte with its German action could not easily compete with. The book contains the analysis of the manufacturing techniques of the Viennese pianoforte and of the company organisations respectively the corporate structures of the comparatively small businessmen in the Austrian region and the Hapsburg Crown lands particularly with regard to the interactions between the Viennese, German and Italian workshops. Moreover the variants in aesthetic design and development of the Viennese pianofortes until the time by 1850 are pointed out and results of recent dendrochronological research of instruments preserved by renowned collections are published in this book. 330 $aDer vorliegende Band ist der stark erweiterte Bericht des 2003 in dern Neuen Burg Wien abgehaltenen Symposiums "Das Wiener Klavier bis 1850". Inhaltlich verbindet diese Publikation die aktuelle organologische sowie biographische Forschung, beantwortet Fragen zur Aufführungspraxis der Romantik und diskutiert instrumentenbauliche Merkmale des Wiener Klaviers. Ab der 2.Hälfte des 18. Jhs. entwickelte sich Wien zum Zentrum ds Hammerklavierbaus, wobei der typisch wienerische Klavierklang, der aufgrund spezifischer technischer und baulicher Parameter entstand, Inspiration für Komponisten und Interpreten war. Zu dieser Entwicklung trugen vor allem die in Wien ansässigen Instrumentenmacher (Christoph, Leydecker, Moyse, Stein, Streicher etc.) bei, die für den Hof oder als bürgerliche Handwerker tätig waren und innovative Lösungen in den Klavierbau brachten und über deren Biographie Neues berichtet wird. Im frühen 19. Jh. traten neben Wien auch Paris und London mit Firmen auf, die international operierten und größere Stückzahlen auf den Markt brachten. Broadwood und Erard definierten ein neues auf der Stoßzungenmechanik basierendes Klangideal, neben dem sich die Wiener Klaviere mit ihrer Prellzungenmechanik nur schwer behaupten konnten. Im vorliegenden Band werden die fertigungstechnischen Spezifika des Wiener Klaviers sowie die Betriebsorganisation und Unternehmensstruktur der vergleichsweise kleineren Unternehmer im Raum Österreich und den Kronländern analysiert, wobei der gegenseitigen Beeinflussung der Wiener, deutschen und italienischen Werkstätten große Aufmerksamkeit zuteil wird. Weiters werden die Varianten der ästhetischen Entwicklung und des Designs der Wiener Klaviere bis 1850 aufgezeigt, sowie dendrochronologische Untersuchungsergebnisse zu den Instrumenten internationaler renommierter Sammlungen veröffentlicht. 606 $aPiano$xConstruction$zAustria$xHistory$vCongresses 606 $aPiano makers$zAustria$zVienna$xHistory$vCongresses 606 $aMusic$zAustria$zVienna$y19th century$vCongresses 606 $aMusic$2HILCC 606 $aMusic, Dance, Drama & Film$2HILCC 606 $aMusic History & Criticism, General$2HILCC 610 $apianoforte 610 $ahistory of piano 610 $ainstrument makers 610 $apiano design 610 $apiano action 610 $adendrochronology 610 $aKlavier 610 $aOrgel 615 0$aPiano$xConstruction$xHistory 615 0$aPiano makers$xHistory 615 0$aMusic 615 7$aMusic 615 7$aMusic, Dance, Drama & Film 615 7$aMusic History & Criticism, General 676 $a786.2190943613 700 $aDarmstädter$b Beatrix$4auth$0801918 702 $aHuber$b Alfons 702 $aDarmstädter$b Beatrix 702 $aHopfner$b Rudolf 712 02$aKunsthistorisches Museum Wien, 801 0$bPQKB 801 2$bUkMaJRU 906 $aBOOK 912 $a996210012403316 996 $aDas Wiener Klavier bis 1850$93384112 997 $aUNISA